Alle Pokemon mit "K" - Statistiken

Allgemein
  • Dieses Quiz wurde 576 mal gespielt
    398 seit der letzten Aktualisierung
  • Das Durchschnittsergebnis liegt bei 47 aus 93
Antwortstatistiken
Hint Antwort % Korrekt
Kanto (14) 099 Kingler
89%
Kanto (14) 098 Krabby
89%
Kanto (14) 014 Kokuna
85%
Kanto (14) 140 Kabuto
84%
Kanto (14) 141 Kabutops
82%
Kanto (14) 115 Kangama
82%
Johto (5) 158 Karnimani
82%
Kanto (14) 129 Karpador
79%
Kanto (14) 074 Kleinstein
79%
Kanto (14) 106 Kicklee
78%
Sinnoh (10) 445 Knakrack
78%
Sinnoh (10) 443 Kaumalat
76%
Sinnoh (10) 444 Knarksel
74%
Kanto (14) 064 Kadabra
72%
Kanto (14) 103 Kokowei
68%
Kanto (14) 105 Knogga
67%
Johto (5) 198 Kramurx
67%
Hoenn (13) 341 Krebscorps
66%
Hoenn (13) 342 Krebutack
66%
Hoenn (13) 382 Kyogre
66%
Sinnoh (10) 430 Kramshef
64%
Johto (5) 237 Kapoera
61%
Sinnoh (10) 420 Kikugi
61%
Sinnoh (10) 421 Kinoso
61%
Kanto (14) 069 Knofensa
61%
Hoenn (13) 371 Kindwurm
60%
Hoenn (13) 281 Kirlia
60%
Hoenn (13) 352 Kecleon
58%
Hoenn (13) 295 Krawumms
58%
Alola (12) 786 Kapu-Fala
56%
Hoenn (13) 286 Kapilz
55%
Hoenn (13) 272 Kappalores
55%
Alola (12) 788 Kapu-Kime
55%
Alola (12) 785 Kapu-Riki
55%
Hoenn (13) 294 Krakeelo
55%
Alola (12) 787 Kapu-Toro
54%
Alola (12) 798 Katagami
54%
Kanto (14) 040 Knuddeluff
54%
Sinnoh (10) 408 Koknodon
53%
Einall (14) 647 Keldeo
52%
Hoenn (13) 285 Knilz
51%
Sinnoh (10) 442 Kryppuk
51%
Einall (14) 597 Kastadur
49%
Alola (12) 739 Krabbox
49%
Einall (14) 601 Klikdiklak
48%
Einall (14) 599 Klikk
48%
Einall (14) 600 Kliklak
48%
Paldea (10) 909 Krokel
48%
Johto (5) 238 Kussilla
48%
Alola (12) 740 Krawell
47%
Galar (14) 834 Kamalm
45%
Galar (14) 833 Kamehaps
45%
Sinnoh (10) 433 Klingplim
45%
Galar (14) 823 Krarmor
45%
Hoenn (13) 318 Kanivanha
44%
Johto (5) 221 Keifel
44%
Hoenn (13) 328 Knacklion
44%
Alola (12) 760 Kosturso
44%
Einall (14) 646 Kyurem
44%
Alola (12) 775 Koalelu
43%
Paldea (10) 1007 Koraidon
43%
Einall (14) 539 Karadonis
42%
Alola (12) 806 Kopplosio
42%
Sinnoh (10) 406 Knospi
41%
Alola (12) 765 Kommandutan
41%
Alola (12) 797 Kaguron
40%
Einall (14) 638 Kobalium
39%
Einall (14) 524 Kiesling
38%
Galar (14) 837 Klonkett
38%
Alola (12) 779 Knirfish
38%
Einall (14) 505 Kukmarda
38%
Paldea (10) 912 Kwaks
38%
Galar (14) 814 Kickerlo
37%
Galar (14) 827 Kleptifux
37%
Galar (14) 822 Kranoviz
36%
Galar (14) 853 Kaocto
35%
Einall (14) 510 Kleoparda
35%
Einall (14) 633 Kapuno
34%
Galar (14) 852 Klopptopus
34%
Galar (14) 840 Knapfel
32%
Einall (14) 586 Kronjuwild
31%
Galar (14) 825 Keradar
29%
Einall (14) 565 Karippas
27%
Galar (14) 887 Katapuldra
27%
Paldea (10) 966 Knattatox
27%
Paldea (10) 965 Knattox
26%
Paldea (10) 975 Kolowal
26%
Paldea (10) 950 Klibbe
25%
Paldea (10) 931 Krawalloro
25%
Paldea (10) 935 Knarbon
24%
Galar (14) 875 Kubuin
24%
Galar (14) 878 Kupfanti
24%
Paldea (10) 988 Kriechflügel
22%
Keine übereinstimmenden Quizze gefunden
Verteilung der Resultate
Anzahl Personen mit jedem Resultat
Perzentil nach korrekt beantworteten Fragen
Ihre Resultats-Entwicklung
Sie haben dieses Quiz seit der letzten Aktualisierung nicht gespielt